Datum a čas kvízu

23 Celkem bodů Celkový počet nahraných bodů na tomto kvízu bez doplňovacích otázek.
5. Pořadí na kvízu Konečné umístění týmu na tomto kvízu.

Zaznamenané odpovědi

# Otázka Odpověď Body Výsledky
1. Vůz Škoda 1200 z roku 1955, pr... Jandera 0
2. Aukční síň Freeman’s-Hindman u... Abraham Lincoln 1
3. V pondělí nalezli francouzští... Jim Morrison 0
4. Při úklidu ve sklepeních Minis... Edvard Beneš 1
5. Jak se nazývá klub, který se v... Tottenham (Hotspur) 1
6. V tomto tématu se podíváme na... Robert Kennedy 1
7. Podívejte se pozorně na tvář t... Watson 0
8. Tentokrát nás zajímá příjmení... Dana Hlaváčová; Dora 0
9. Jak se jmenuje tento muž? Tent... Etzler; novinář 0
10. Napište jméno a příjmení tohot... Ralf Schumacher 0.5